Language Quiz

Random Language or Letter Quiz
Score 0/76 Timer 05:00
1 Play Today
Word % Correct
ace
87.1%
are
86.1%
art
80.3%
aim
77.6%
and
77.4%
all
76.6%
age
75.4%
ale
74.8%
ape
74.8%
awe
73.9%
ate
71.3%
ass
70.2%
aid
70.1%
add
69.2%
ant
68.4%
ail
68.2%
act
66.6%
arm
66.1%
air
64.4%
aft
59.7%
abs
59.2%
alt
59.2%
aye
59.1%
ark
58.5%
axe
58.3%
ask
57.5%
aah
57%
arc
56%
alp
55%
aba
54.7%
ado
54.6%
ago
53.9%
ane
53.2%
aha
53%
ain
52.4%
asp
51.5%
apt
51.4%
ave
51.1%
Word % Correct
ait
50%
app
49%
any
49%
aal
48.7%
ads
48.7%
amp
48.4%
ars
47.9%
aas
46.7%
ash
46.1%
ais
45.2%
als
44.5%
arf
43.8%
awl
39.5%
ala
39%
aga
38.2%
ana
38.1%
alb
36.5%
ani
36.2%
aby
35.6%
ama
35.3%
apo
34.9%
ami
33.5%
adz
32.2%
arb
30%
att
28.4%
ags
27.1%
ahs
26.6%
aff
26.4%
ahi
26.4%
amu
25%
ava
24.9%
awn
22.9%
auk
19.9%
awa
19.2%
avo
18.9%
azo
16%
ays
15.1%
aji
10.4%
Remove Ads.
Support Sporcle.
Get the best of Sporcle when you Go Orange. This ad-free experience offers more features, more stats, and more fun while also helping to support Sporcle. Thank you for becoming a member.

You're not logged in!

Compare scores with friends on all Sporcle quizzes.
OR
Log In

Show Comments

Extras

Top Quizzes Today


Score Distribution

Your Account Isn't Verified!

In order to create a playlist on Sporcle, you need to verify the email address you used during registration. Go to your Sporcle Settings to finish the process.

Report this User

Report this user for behavior that violates our Community Guidelines.

Details: